<?xml version="1.0" encoding="UTF-8"?>
<record
    xmlns:xsi="http://www.w3.org/2001/XMLSchema-instance"
    xsi:schemaLocation="http://www.loc.gov/MARC21/slim http://www.loc.gov/standards/marcxml/schema/MARC21slim.xsd"
    xmlns="http://www.loc.gov/MARC21/slim">

  <leader>01122cam a22003131a 4500</leader>
  <controlfield tag="001">j  65002574 </controlfield>
  <controlfield tag="003">DLC</controlfield>
  <controlfield tag="005">20260227111520.0</controlfield>
  <controlfield tag="008">960313s1964    ja ab         000 0 jpn  </controlfield>
  <datafield tag="010" ind1=" " ind2=" ">
    <subfield code="a">j  65002574 </subfield>
  </datafield>
  <datafield tag="035" ind1=" " ind2=" ">
    <subfield code="a">(CStRLIN)DCLP96-B4319</subfield>
  </datafield>
  <datafield tag="040" ind1=" " ind2=" ">
    <subfield code="a">DLC</subfield>
    <subfield code="c">DLC-R</subfield>
    <subfield code="d">DLC-R</subfield>
    <subfield code="d">DLC</subfield>
  </datafield>
  <datafield tag="043" ind1=" " ind2=" ">
    <subfield code="a">a-ja---</subfield>
  </datafield>
  <datafield tag="050" ind1="0" ind2="0">
    <subfield code="a">DS836</subfield>
    <subfield code="b">.M33</subfield>
  </datafield>
  <datafield tag="066" ind1=" " ind2=" ">
    <subfield code="c">$1</subfield>
  </datafield>
  <datafield tag="100" ind1="1" ind2=" ">
    <subfield code="6">880-01</subfield>
    <subfield code="a">Matsuda, Kiichi,</subfield>
    <subfield code="d">1921-</subfield>
  </datafield>
  <datafield tag="245" ind1="1" ind2="0">
    <subfield code="6">880-02</subfield>
    <subfield code="a">Nanban shiry&#x14D; no hakken :</subfield>
    <subfield code="b">yomigaeru Nobunaga jidai /</subfield>
    <subfield code="c">Matsuda Kiichi cho.</subfield>
  </datafield>
  <datafield tag="250" ind1=" " ind2=" ">
    <subfield code="6">880-03</subfield>
    <subfield code="a">Shohan.</subfield>
  </datafield>
  <datafield tag="260" ind1=" " ind2=" ">
    <subfield code="6">880-04</subfield>
    <subfield code="a">T&#x14D;ky&#x14D; :</subfield>
    <subfield code="b">Ch&#x16B;&#x14D; K&#x14D;ronsha,</subfield>
    <subfield code="c">Sh&#x14D;wa 39 [1964]</subfield>
  </datafield>
  <datafield tag="300" ind1=" " ind2=" ">
    <subfield code="a">195 p. :</subfield>
    <subfield code="b">ill., maps ;</subfield>
    <subfield code="c">18 cm.</subfield>
  </datafield>
  <datafield tag="490" ind1="0" ind2=" ">
    <subfield code="6">880-05</subfield>
    <subfield code="a">Ch&#x16B;k&#x14D; shinsho ;</subfield>
    <subfield code="v">51</subfield>
  </datafield>
  <datafield tag="651" ind1=" " ind2="0">
    <subfield code="a">Japan</subfield>
    <subfield code="x">History</subfield>
    <subfield code="y">Period of civil wars, 1480-1603.</subfield>
  </datafield>
  <datafield tag="651" ind1=" " ind2="0">
    <subfield code="a">Japan</subfield>
    <subfield code="x">Foreign relations</subfield>
    <subfield code="y">To 1600.</subfield>
  </datafield>
  <datafield tag="880" ind1="1" ind2=" ">
    <subfield code="6">100-01/$1</subfield>
    <subfield code="a">&#x677E;&#x7530;&#x6BC5;&#x4E00;,</subfield>
    <subfield code="d">1921-</subfield>
  </datafield>
  <datafield tag="880" ind1="1" ind2="0">
    <subfield code="6">245-02/$1</subfield>
    <subfield code="a">&#x5357;&#x86EE;&#x53F2;&#x6599;&#x306E;&#x767A;&#x898B; :</subfield>
    <subfield code="b">&#x3088;&#x307F;&#x304C;&#x3048;&#x308B;&#x4FE1;&#x9577;&#x6642;&#x4EE3; &#xFF0F;</subfield>
    <subfield code="c">&#x677E;&#x7530;&#x6BC5;&#x4E00;&#x8457;&#xFF0E;</subfield>
  </datafield>
  <datafield tag="880" ind1=" " ind2=" ">
    <subfield code="6">250-03/$1</subfield>
    <subfield code="a">&#x521D;&#x7248;&#xFF0E;</subfield>
  </datafield>
  <datafield tag="880" ind1=" " ind2=" ">
    <subfield code="6">260-04/$1</subfield>
    <subfield code="a">&#x6771;&#x4EAC; :</subfield>
    <subfield code="b">&#x4E2D;&#x592E;&#x516C;&#x8AD6;&#x793E;,</subfield>
    <subfield code="c">&#x662D;&#x548C; 39 [1964]</subfield>
  </datafield>
  <datafield tag="880" ind1="0" ind2=" ">
    <subfield code="6">490-05/$1</subfield>
    <subfield code="a">&#x4E2D;&#x516C;&#x65B0;&#x66F8; ;</subfield>
    <subfield code="v">51</subfield>
  </datafield>
  <datafield tag="999" ind1=" " ind2=" ">
    <subfield code="c">35033</subfield>
    <subfield code="d">35033</subfield>
  </datafield>
</record>
